| 000 | 00337nam a2200109Ia 4500 | ||
|---|---|---|---|
| 008 | 231221s9999 xx 000 0 und d | ||
| 041 | _aEnglish | ||
| 100 | _aSen, Gayathri | ||
| 245 | 0 | _aRules for cataloging special materials [e resource : article] | |
| 650 | _aRules,cataloging, specia, material, [, resourc, , article] | ||
| 942 | _cBL | ||
| 999 |
_c209464 _d209464 |
||